[Event "Kouty nad Desnou op-A"]
[Site "Kouty nad Desnou"]
[Date "2024.03.16"]
[Round "9"]
[White "Brabencova, Aneta"]
[Black "Skoloud, Natanael"]
[Result "1/2-1/2"]
[WhiteElo "1603"]
[BlackElo "1542"]
[PlyCount "67"]
[EventDate "2024.03.09"]
[EventType "swiss"]
[EventRounds "9"]
[EventCountry "CZE"]
[SourceTitle "CB13_2024"]
[SourceDate "2024.03.27"]
[SourceVersion "1"]
[SourceVersionDate "2024.03.27"]
[SourceQuality "1"]

1. e4 e5 2. Nf3 Nc6 3. Bc4 Nf6 4. Nc3 Nxe4 5. Nxe4 d5 6. Bd3 dxe4 7. Bxe4 Bd7 8. d4 exd4 9. Nxd4 Qf6 10. Be3 Bc5 11. c3 0-0-0 12. Qf3 Qxf3 13. Bxf3 Nxd4 14. Bxd4 Bxd4 15. cxd4 Bb5 16. 0-0-0 Rhe8 17. Rd2 Re7 18. Rhd1 Rde8 19. Kc2 c6 20. Kc3 Be2 21. Bxe2 Rxe2 22. Rxe2 Rxe2 23. Rd2 Rxd2 24. Kxd2 Kd7 25. Ke3 Ke6 26. Ke4 f5+ 27. Ke3 Kd5 28. Kd3 g5 29. b3 a5 30. f3 f4 31. a3 b6 32. b4 axb4 33. axb4 h6 34. Kc3 1/2-1/2

[Event "Kouty nad Desnou op-A"]
[Site "Kouty nad Desnou"]
[Date "2024.03.09"]
[Round "1"]
[White "Cimburek, Jan"]
[Black "Skoloud, Natanael"]
[Result "1-0"]
[WhiteElo "1971"]
[BlackElo "1542"]
[PlyCount "107"]
[EventDate "2024.03.09"]
[EventType "swiss"]
[EventRounds "9"]
[EventCountry "CZE"]
[SourceTitle "CB13_2024"]
[SourceDate "2024.03.27"]
[SourceVersion "1"]
[SourceVersionDate "2024.03.27"]
[SourceQuality "1"]

1. d4 Nf6 2. Nf3 d5 3. g3 Bf5 4. Bg2 Nc6 5. 0-0 e6 6. a4 Be7 7. a5 a6 8. c3 0-0 9. Nbd2 b5 10. axb6 cxb6 11. b3 a5 12. Bb2 Ra7 13. Nb1 b5 14. Re1 Qc7 15. Nfd2 Rd8 16. e4 Bg6 17. Na3 Bxa3 18. Rxa3 Ne7 19. e5 Nd7 20. Qa1 Rda8 21. Rc1 Qb8 22. c4 a4 23. cxb5 axb3 24. Rc3 Rxa3 25. Bxa3 Qxb5 26. Rxb3 Qa6 27. Qb2 Nf5 28. Bf1 Qc8 29. Bb5 h6 30. Nf3 Bh5 31. Be2 Rb8 32. Rxb8 Nxb8 33. h3 Bxf3 34. Bxf3 Nc6 35. Bc5 Qa6 36. Be2 Qa5 37. Kg2 Nfe7 38. Qb7 Qd8 39. Bb5 Qb8 40. Bxc6 Nxc6 41. Qxc6 Qb1 42. Qe8+ Kh7 43. Qxf7 Qe4+ 44. Kh2 h5 45. Bf8 Qg6 46. Qxg6+ Kxg6 47. g4 h4 48. Be7 Kh6 49. f4 g5 50. Bxg5+ Kg6 51. Bxh4 Kh6 52. f5 Kg7 53. Kg3 Kh7 54. Bf6 1-0